Research Methods for Business Students (Record no. 12258)
[ view plain ]
| 000 -LEADER | |
|---|---|
| fixed length control field | 00215nam a22000857a 4500 |
| 008 - FIXED-LENGTH DATA ELEMENTS--GENERAL INFORMATION | |
| fixed length control field | 200224b ||||| |||| 00| 0 eng d |
| 100 ## - MAIN ENTRY--PERSONAL NAME | |
| Personal name | Saunders, Mark |
| 245 ## - TITLE STATEMENT | |
| Title | Research Methods for Business Students |
| 260 ## - PUBLICATION, DISTRIBUTION, ETC. (IMPRINT) | |
| Date of publication, distribution, etc | 2009 |
| Withdrawn status | Lost status | Source of classification or shelving scheme | Damaged status | Not for loan | Koha collection | Location (home branch) | Sublocation or collection (holding branch) | Shelving location | Date acquired | Koha issues (times borrowed) | Piece designation (barcode) | Koha date last seen | Koha date last borrowed | Price effective from | Koha item type |
|---|---|---|---|---|---|---|---|---|---|---|---|---|---|---|---|
| | | | | | Business | MAJU | MAJU | | 2020-02-24 | 3 | 5963 | 2025-04-03 | 2025-03-27 | 2020-02-24 | Business |